All flag of the world (country, territories, ...) - Statistics

General Stats
  • This quiz has been taken 157 times
  • The average score is 176 of 260
Answer Stats
Picture Answer % Correct
China
100%
Japan
100%
South Korea
100%
India
99%
Nepal
99%
Bangladesh
98%
Bhutan
98%
Cyprus
98%
Iran
98%
Lebanon
98%
Philippines
98%
Saudi Arabia
98%
Turkey
98%
Cambodia
97%
Indonesia
97%
Iraq
97%
Laos
97%
North Korea
97%
Pakistan
97%
Qatar
97%
Singapore
97%
Sri Lanka
97%
Thailand
97%
Vietnam
97%
Brunei
96%
Kazakhstan
96%
Malaysia
96%
Mongolia
96%
Afghanistan
95%
Bahrain
95%
Israel
95%
Jordan
95%
Kyrgyzstan
95%
Myanmar
95%
Oman
95%
Syria
95%
Tajikistan
95%
Turkmenistan
95%
Yemen
95%
Kuwait
94%
Maldives
94%
Timor-Leste
94%
United Arab Emirates
94%
Uzbekistan
94%
Georgia
92%
Armenia
90%
Australia
88%
Taïwan
86%
Hong Kong
83%
Papua New Guinea
82%
Palestine
80%
Macau
79%
Palau
79%
Kiribati
76%
Marshall Islands
75%
Micronesia
75%
Tonga
75%
Greece
74%
Morocco
74%
Vanuatu
74%
Albania
73%
Algeria
73%
Canada
73%
Egypt
73%
France
73%
Germany
73%
Ireland
73%
Italy
73%
Mexico
73%
Samoa
73%
Solomon Islands
73%
South Africa
73%
Spain
73%
Sweden
73%
Switzerland
73%
Tunisia
73%
Ukraine
73%
Austria
72%
Czech Republic
72%
Finland
72%
Hungary
72%
Jamaica
72%
Nauru
72%
Netherlands
72%
Norway
72%
Poland
72%
Portugal
72%
Romania
72%
Russia
72%
United States
72%
Vatican City
72%
Andorra
71%
Argentina
71%
Belarus
71%
Belgium
71%
Bosnia and Herzegovina
71%
Brazil
71%
Bulgaria
71%
Colombia
71%
Croatia
71%
Cuba
71%
Estonia
71%
Iceland
71%
Ivory Coast
71%
Kenya
71%
Kosovo
71%
Latvia
71%
Moldova
71%
Niger
71%
North Macedonia
71%
San Marino
71%
Serbia
71%
Angola
70%
Barbados
70%
Costa Rica
70%
Guatemala
70%
Libya
70%
Liechtenstein
70%
Luxembourg
70%
Malta
70%
Monaco
70%
Nigeria
70%
Panama
70%
Slovakia
70%
Slovenia
70%
United Kingdom
70%
Uruguay
70%
Venezuela
70%
Antigua and Barbuda
69%
Belize
69%
Chad
69%
Chile
69%
Dominican Republic
69%
Ethiopia
69%
Liberia
69%
Nicaragua
69%
Seychelles
69%
Somalia
69%
South Sudan
69%
Tanzania
69%
Tuvalu
69%
Uganda
69%
Bahamas
68%
Botswana
68%
Dominica
68%
Eswatini
68%
Honduras
68%
Lithuania
68%
Madagascar
68%
Malawi
68%
Mauritania
68%
Montenegro
68%
Paraguay
68%
Saint Lucia
68%
Sudan
68%
Togo
68%
Zambia
68%
Zimbabwe
68%
Benin
67%
Bolivia
67%
Cameroon
67%
Cape Verde
67%
Central African Republic
67%
Comoros
67%
Democratic Republic of the Congo
67%
Djibouti
67%
Ecuador
67%
El Salvador
67%
Equatorial Guinea
67%
Eritrea
67%
Gambia
67%
Ghana
67%
Grenada
67%
Guyana
67%
Haiti
67%
Lesotho
67%
Mali
67%
Mayotte
67%
Mozambique
67%
Namibia
67%
Northern Cyprus
67%
Peru
67%
Rwanda
67%
Saint Vincent and the Grenadines
67%
São Tomé and Principe
67%
Senegal
67%
Sierra Leone
67%
Trinidad and Tobago
67%
Burundi
66%
Gabon
66%
Puerto Rico
66%
Suriname
66%
Guinea
65%
Guinea-Bissau
65%
Mauritius
65%
Abkhazia
64%
Burkina Faso
64%
Congo
63%
Greenland
63%
Guam
63%
American Samoa
62%
Christmas Island
62%
Isle of Man
62%
South Ossetia
62%
Gibraltar
60%
New Caledonia
60%
Faroe Island
57%
Jersey
57%
Johnston Atoll
57%
Wake Island
57%
Guernsey
56%
French Polynesia
54%
Norfolk Island
54%
Somaliland
53%
Transnistria
53%
Cocos Islands
52%
Cook Islands
52%
Aland
51%
Aruba
51%
Curaçao
51%
Tokelau
51%
Réunion
50%
Niue
49%
Northern Mariana Islands
49%
Bermuda
46%
Wallis and Futuna
45%
Bonaire
44%
British Virgin Islands
44%
French Guiana
44%
Azores
42%
Guadeloupe
41%
Anguilla
39%
Saint Pierre and Miquelon
38%
Cayman Islands
37%
Martinique
37%
Montserrat
37%
Sint Maarten
37%
Canary Islands
35%
Saba
33%
Falkland
29%
Madeira
27%
New-Zealand
27%
Saint Helena
26%
United States Virgin Islands
26%
Saint Barthélemy
25%
Svalbard
25%
Fidji
24%
Sint Eustatius
24%
Turks and Caicos Islands
24%
Azerbaijan
23%
Ascension
20%
South Georgia and the South Sandwich Islands
16%
Rapa Nui
15%
San Andrés
14%
Denmark
12%
Sahrawi Republic
11%
Akrotiri and Dhekelia
7%
Saint Kitts and Nevis
7%
Tristan da Cunha
6%
Pitcairn Islands
5%
No matching quizzes found
Score Distribution
Percent of People with Each Score
Percentile by Number Answered
Your Score History
You have not taken this quiz